01603 a2200181 4500003000500000005001700005020001500022040000900037082001200046245006500058260003300123300001000156505105500166650003301221942002101254999001901275952012701294Nust20221031125612.0 a1556759088 cNust a510,GLO aMatheMatics Workshop, bBasic Skills 1 / cTeacher;s Edition aNew JersybGlobal Bookc1989 a110:P aReading and writing whole numbers (Page-1), Reading and writing decimal(Page-3), Comparing and ordering whole numbers (Page-5), Comparing and ordering decimal (Page-7), Rounding whole numbers (Page-9), Rounding decimals (Page-11), Adding whole numbers and decimals (Page-13), Subtracting whole numbers and decimals(Page 15)Multiplying whole numbers and decimals with zeros (Page-17), Multiplying by powers and multiples of 10 (Page-19), Multiplying by a 1 digit numbers (Page-21), Multiplying by 2 and three digit multiplyers ( Page-23), Multiplying decimals by decimals (Page-29), Dividing by 1 digit divisors (Page-31), Dividing by powers and multiples by 10 (Page-33), Order of operations (Page-39), Measuring length with metric units (Page-51), Measuring capacity (Page-55), Multiplying fractions (Page-67), Adding fractions with unlike denominators (Page-81), Subtracting mixed numbers (Page-89), Customary units of weight (Page-95), Measuring time (Page-101), Reading double bar graphs (Page-105), Constructing and using pictographs (Page-109). aMatheMatics Workshop9101972 2ddccBKk510,GLO c179756d179756 00102ddc4070aMCSbMCScGENd2016-12-12o510,GLOpMCS27213r2016-12-08w2016-12-12yBKB zAlmirah No. A/135, Shelf No.5